| 000 | 00338nam a22001217a 4500 | ||
|---|---|---|---|
| 020 | _a185301602 | ||
| 082 | _a808.8992,BRE | ||
| 100 |
_aBrendon, Stuart _9131087 |
||
| 245 |
_aThe Children's World History Atlas / _cStuart Brendon |
||
| 260 |
_aU.K _bGrandreams Limited _c1996 |
||
| 650 |
_aWorld History Atlas _9131088 |
||
| 942 |
_2ddc _cBK |
||
| 999 |
_c615146 _d615146 |
||